| 000 | 00885nam a2200277 a 4500 | ||
|---|---|---|---|
| 001 | 52991 | ||
| 003 | AR-BaAGN | ||
| 005 | 20250317153321.0 | ||
| 007 | ta | ||
| 008 | s1949 ag ||||| |||| ||| ||spa d | ||
| 040 |
_aAR-BaAGN _bspa _eaacr |
||
| 100 | _aSilva, Teodoro L., | ||
| 110 | 1 |
_aRosario (Santa Fe). Escuela de Policía. _99107 |
|
| 245 | 1 | 0 |
_aCódigo de faltas explicado / _cpor el subcomisario Teodoro R. Silva. |
| 260 |
_aRosario : _bEscuela de Policía, _c1949. |
||
| 300 |
_a191 páginas ; _c22 cm. |
||
| 336 |
_2rdacontent _btxt |
||
| 337 |
_2rdamedia _bn |
||
| 338 |
_2rdacarrier _bnc |
||
| 505 | 0 | _aPrólogo / Teodoro R. Silva -- Código de faltas (Ley 3473) -- Índice alfabético -- Fe de erratas. | |
| 650 | 4 |
_aLEYES PROVINCIALES _92540 |
|
| 650 | 4 |
_aDELITOS _91472 |
|
| 650 | 4 |
_aPOLICÍA _92163 |
|
| 651 | 4 |
_aRosario (Santa Fe) _93935 |
|
| 942 |
_cFOLLETO _kAGN |
||
| 999 |
_c52991 _d52991 |
||